Un prete muore. (Record n. 18536)

Dettagli MARC
000 -LEADER
fixed length control field 00604nam a2200265Ia 4500
003 - CONTROL NUMBER IDENTIFIER
control field IT-RoPAU
005 - DATE AND TIME OF LATEST TRANSACTION
control field 20220918175545.0
008 - FIXED-LENGTH DATA ELEMENTS--GENERAL INFORMATION
fixed length control field 120407s9999 xx 000 0 und d
040 ## - CATALOGING SOURCE
Original cataloging agency IT-RoPAU
040 ## - CATALOGING SOURCE
Transcribing agency IT-RoPAU
041 ## - LANGUAGE CODE
Language code of text/sound track or separate title ita
100 ## - MAIN ENTRY--PERSONAL NAME
Personal name Cay Bruno Lussac
9 (RLIN) 13266
245 ## - TITLE STATEMENT
Title Un prete muore.
247 ## - FORMER TITLE
Title Tit. orig. La mort d'un prètre
250 ## - EDITION STATEMENT
Edition statement Torino
260 ## - PUBLICATION, DISTRIBUTION, ETC. (IMPRINT)
Place of publication, distribution, etc. Torino
Name of publisher, distributor, etc. SAIE
260 ## - PUBLICATION, DISTRIBUTION, ETC. (IMPRINT)
Date of publication, distribution, etc. 1954
300 ## - PHYSICAL DESCRIPTION
Dimensions 21 cm
490 ## - SERIES STATEMENT
Series statement Universa
490 ## - SERIES STATEMENT
Volume/sequential designation 110
500 ## - GENERAL NOTE
General note Traduzione di Carla Gaja
600 ## - SUBJECT ADDED ENTRY--PERSONAL NAME
Personal name Romanzo.
9 (RLIN) 13267
942 ## - ADDED ENTRY ELEMENTS (KOHA)
Koha item type LIBRO
Source of classification or shelving scheme Dewey Decimal Classification
Dati di copia
Withdrawn status Lost status Source of classification or shelving scheme Damaged status Not for loan Home library Current library Date acquired Total Checkouts Full call number Date last seen Price effective from Koha item type Public note
    Dewey Decimal Classification Buone Condizioni Not For Loan PAULUS-BIBLIOTECA PAULUS-BIBLIOTECA 11/04/2012   808.1710 11/04/2012 11/04/2012 LIBRO Inserito da: Jole In data: 15 settembre 2011 fondo: Via A.Severo 56 Progr:36017
CREDITS: SOCIETA' SAN PAOLO Via A.Severo, 58 - ROMA (RM) & PERIODICI SAN PAOLO SRL Via Giotto, 36 MILANO & CISF Via Giotto, 36 MILANO & EDIZIONI SAN PAOLO SRL,  Piazza Soncino, 5 CINISELLO BALSAMO (MI) -- ITALY